000 01115cam a2200313 4500
008 000000n2000 000 0 eng u
020 _a0754613046
035 _a(Sirsi) u112028
050 _a333.7
100 _aDixon-Gough, Robert W.
_xEditor
245 _aTransactions in international land management - volume 1
260 _aHampshire
_hAshgate
_c2000
300 _axii, 168p. ; 24cm.
350 _a39.95
490 _aInternational Land Management Series
520 _aThe first in a new series, this edition looks at analyses of land reform in Europe including case studies from Macedonia and Estonia. A comparative examination of land registration and reform in Austria and the UK. A look at Geo-information systems and finally a study of urban growth in Africa.
650 _aLAND MANAGEMENT
650 _aINTERNATIONAL
650 _aEUROPE
650 _aLAND SURVEYING
650 _aCONSERVATION
650 _aEnvironment
_96238
650 _aPLANNING
650 _aLAW
650 _aLAND
690 _aGEOMATICS
_96242
700 _aMansberger, Reinfried
_xEditor
942 _n0
999 _c101345
_d101345